|
|
|
|
| LEADER |
01109nam a2200313 a 4500 |
| 001 |
AAL 1568 |
| 003 |
BD-DhAAL |
| 005 |
20160209171022.0 |
| 008 |
150204s1993 cou b 001 0 eng |
| 010 |
|
|
|a 92028614
|
| 020 |
|
|
|a 0813315263 (alk. paper)
|
| 020 |
|
|
|a 0813315271 (pbk. : alk. paper)
|
| 040 |
|
|
|a DLC
|c DLC
|d DLC
|d BD-DhAAL
|
| 050 |
0 |
0 |
|a JC423
|b .S69 1993
|
| 082 |
0 |
0 |
|a 321.8
|2 20
|
| 999 |
|
|
|c 33569
|d 33569
|
| 999 |
|
|
|c 33569
|
| 100 |
1 |
|
|a Sørensen, Georg,
|d 1948-
|9 7881
|
| 245 |
1 |
0 |
|a Democracy and democratization :
|b processes and prospects in a changing world /
|c Georg Sørensen.
|
| 260 |
|
|
|a Boulder :
|b Westview Press,
|c c1993.
|
| 300 |
|
|
|a xv, 170 p. ;
|c 24 cm.
|
| 440 |
|
0 |
|a Dilemmas in world politics
|9 7882
|
| 504 |
|
|
|a Includes bibliographical references (p. 137-156) and index.
|
| 541 |
|
|
|e 1568
|
| 650 |
|
0 |
|a Democracy.
|9 5959
|
| 650 |
|
0 |
|a Democratization
|9 5943
|
| 650 |
|
0 |
|a World politics
|y 1989-
|9 7883
|
| 942 |
|
|
|2 ddc
|c BK
|
| 952 |
|
|
|0 0
|1 0
|2 ddc
|4 0
|6 321_800000000000000_SOR
|7 0
|9 52441
|a SCL
|b SCL
|c GEN
|d 2015-02-04
|l 1
|o 321.8 SOR
|p 3020001568
|r 2023-12-04
|s 2023-11-29
|t 1
|w 2015-02-04
|y BK
|